000 00444cam a2200169ua 4500
020 _c1.50
041 _amal
_h
082 _a894.812301
_bUNN/SN
100 _aUnnikrishnan, Puthoor .
245 _aSnehadarangalode /
_cUnnikrishnan Puthoor.
_hTextual Documents
260 _aKottayam :
_bSahitya Pravarthaka Co-operative Society ,
_c1962.
300 _a126 ; .
365 _a1.50
504 _a
942 _cBK
999 _c1061
_d1061